000
00306nam a2200121Ia 4500
005
20251222144827.0
008
251222s9999||||xx |||||||||||||| ||spa||
082
_a
344.01/B34
100
_a
Bernuy Alvarez, Oscar H.
245
0
_a
RegĂmenes Especiales Laborales
264
_b
Impresores Surco
942
_c
LIB
999
_c
20725
_d
20725